Opción Múltiple de Países - Estadísticas

Estadísticas generales
  • Esta prueba ha sido intentada 54 veces
  • La puntuación promedio es 2 de 6
Estadísticas de respuestas
Pregunta Respuesta % Correcto
¿Qué país/países está/están en el ecuador?
75%
¿Qué país/países tiene/tienen más de 1000000km²?
75%
¿Qué país/países limita/limitan únicamente con Brasil y Argentina?
50%
¿Qué país/países le perteneció/pertenecieron a España?
25%
¿Qué país/países es/son enclave/enclaves?
0%
¿Qué país es una monarquía absoluta?
0%
No se encontraron pruebas coincidentes
Distribución de puntuación
Porcentaje de gente con cada puntuación
Porcentaje por número respondido
Historial de tus puntuaciones
No has intentado esta prueba.